| 000 | 00716ntm a22002057a 4500 | ||
|---|---|---|---|
| 005 | 20170809105043.0 | ||
| 008 | 170802s2014 xx a frb 000 0 eng d | ||
| 040 |
_aEG-ScBUE _beng _cEG-ScBUE |
||
| 082 | 0 | 4 |
_222 _a624 _bSAI |
| 100 | 1 | _aSaied, Abdallah Mohamed. | |
| 245 | 1 | 0 |
_aDesign / _cAbdallah Mohamed Saied. |
| 260 | _c2014. | ||
| 300 |
_a10 p. , 18 p. : _bill. (col.) ; _c28 cm. |
||
| 500 | _aA dissertation submitted to The Faculty Of Engineering, The British University In Egypt, in partial fulfillment of the requirements for the bachelor degree in civil engineering. | ||
| 590 | _aNour | ||
| 650 | 7 |
_2BUEsh _aCivil engineering _vProjects |
|
| 653 |
_bENGCIV _cAugust2017 |
||
| 655 | _vSPRO | ||
| 942 | _2ddc | ||
| 999 |
_c25256 _d25228 |
||